000 00346nam a2200145Ia 4500
003 OSt
005 20240108110612.0
008 170524s9999 xx 000 0 und d
020 _a9788171324224
040 _cIIMT UNIVERSITY
100 _aCHATURVEDI- NP
245 0 _aJANSANCHAR EVAM PATRAKARITA
260 _bPOINTER : JAIPUR
942 _2ddc
_c01
999 _c9029
_d9029